The clockwork sparrow : time, clocks, and calendars in biological organisms /

Animal information

Bibliographic Details
Main Author: Tatem, Sue Binkley, 1944-
Format: Book
Language:English
Published: Englewood Cliffs, N.J. : Prentice Hall, [1990]
Subjects:

MARC

Tag First Indicator Second Indicator Subfields
LEADER 00000cam a2200000 a 4500
001 in00004472932
005 20210818135055.0
008 890113s1990 njua b 00110 eng
010 |a  89003477  
020 |a 0130737011 
035 |a (OCoLC)19126330 
035 |9 AAE2411MS 
035 |z (UtOrBLW)13531 
035 |a 24108 
040 |a DLC  |c DLC  |d AGL  |d TMV  |d UtOrBLW 
049 |a TMVM  |c 1 
050 0 0 |a QP84.6  |b .B55 1990 
060 4 |a QT 167  |b B613c 1990 
070 0 |a QP84.6.B55 
072 0 |a L600  |a X300 
082 0 0 |a 574.1/882  |2 19 
100 1 |a Tatem, Sue Binkley,  |d 1944- 
245 1 4 |a The clockwork sparrow :  |b time, clocks, and calendars in biological organisms /  |c Sue Binkley. 
264 1 |a Englewood Cliffs, N.J. :  |b Prentice Hall,  |c [1990] 
264 4 |c ©1990 
300 |a x, 262 pages :  |b illustrations ;  |c 24 cm. 
336 |a text  |2 rdacontent  |b txt 
337 |a unmediated  |2 rdamedia 
338 |a volume  |2 rdacarrier  |b nc 
504 |a Includes bibliographical references (pages 254-258) and index. 
520 8 |a Animal information 
520 8 |a Biological rhythms. 
650 2 |a Biological Clocks. 
948 |a Keep per EC, 2003 evaluation; retention reasons in 505, 520, 599, or 650 fields; 11/17/2003, sg. 
999 |a MARS 
999 f f |s 457468b8-c8b6-3dcf-9467-606471ae9a8c  |i 6c14fe7e-db78-391b-87b6-34cad50cde21  |t 0 
952 f f |p ric  |a Texas A&M University  |b Rellis Campus  |c Joint Library Facility  |d Remote Storage  |t 0  |e QT 167 B613c 1990  |h National Library of Medicine classification  |i unmediated -- volume  |m 323890096755E 
998 f f |a QT 167 B613c 1990  |t 0  |l Remote Storage